1286 1435 1464 1038 1873 1866 1552 1550 1462 1960 1366 1646 1714 1043 1583 1461 1084 1873 1911 1602 1803 1597 1851 1279 1422 1595 1636 1756 1284 1114 1082 1736 1471 1715 1520 1165 1785 1676 1910 1948 1193 1118 1783 1179 1674 1934 1870 1924 1278 1724 1956 1120 1651 1375 1751 1892 1865 1773 1885 1714 1247 1315 1317 1458 1877 1394 1069 1572 1309 1280 1269 1003 1182 1782 1730 1625 1143 1093 1178 1056 1733 1888 1965 1523 1407 1334 1975 1811 1114 1223 1087 1821 1789 1691 1466 1023 1197 1001 1370 BCNSPRNW ULIB Ver.6.0+V

เปลี่ยนเป็นภาษาไทย

Change to English
 แสดงรายละเอียดบรรณานุกรม
  กลับหน้าหลัก

Brief Record : Get Marc (ISO 2709) : E-mail record : QR code < ปิดหน้าต่าง
LEADER : 00000nam 2200000uu 4500
001    13399126181
003     ULIB
008    180703s2557||||th 000 0 tha d
020    ^a9786167902180
060    ^aWT100^bอ858ค
100    ^aอุไรวรรณ ชัยชนะวิโรจน์
245    ^aคู่มือการใช้ยาสำหรับผู้สูงอายุ
260    ^aพิษณุโลก :^bคณะพยาบาลศาสตร์ มหาวิทยาลัยนเรศวร,^c2557
300    ^a13 หน้า;^b19 ซม.
650    ^aผู้สูงอายุ-การใช้ยา
945    ^p0^l0^i26368
945    ^p0^l0^i26369
945    ^p0^l0^i26370
945    ^p0^l0^i26371
945    ^p0^l0^i26372
999    ^aกัณชพร จุลอักษร
รายการนี้ยังไม่มีแท็ก
คุณยังไม่ได้ล็อกอิน คุณสามารถมีกิจกรรมร่วมกับเว็บไซต์ได้ แต่ต้องล็อกอินก่อน ::
  ล็อกอิน

รายการสื่อสารสนเทศ

ลำดับที่ ประเภท เลขเรียก/บาร์โค้ด สถานที่ สถานะ
1. หนังสือสำรอง
หนังสือสำรอง
WT100 อ858ค ฉ.1 
  Barcode: 26368
ห้องสมุดวิทยาเขตนครสวรรค์
►หนังสือทั่วไป:l:General Books
บนชั้น
2. วิทยาศาสตร์การแพทย์ และสุขภาพ
วิทยาศาสตร์การแพทย์ และสุขภาพ
WT100 อ858ค ฉ.2 
  Barcode: 26369
ห้องสมุดวิทยาเขตนครสวรรค์
►หนังสือทั่วไป:l:General Books
บนชั้น
3. วิทยาศาสตร์การแพทย์ และสุขภาพ
วิทยาศาสตร์การแพทย์ และสุขภาพ
WT100 อ858ค ฉ.3 
  Barcode: 26370
ห้องสมุดวิทยาเขตนครสวรรค์
►หนังสือทั่วไป:l:General Books
บนชั้น
4. วิทยาศาสตร์การแพทย์ และสุขภาพ
วิทยาศาสตร์การแพทย์ และสุขภาพ
WT100 อ858ค ฉ.4 
  Barcode: 26371
ห้องสมุดวิทยาเขตนครสวรรค์
►หนังสือทั่วไป:l:General Books
บนชั้น
5. วิทยาศาสตร์การแพทย์ และสุขภาพ
วิทยาศาสตร์การแพทย์ และสุขภาพ
WT100 อ858ค ฉ.5 
  Barcode: 26372
ห้องสมุดวิทยาเขตนครสวรรค์
►หนังสือทั่วไป:l:General Books
บนชั้น

รายการใกล้เคียง
    ชื่อเรื่อง [คู่มือการใช้ยาสำหรับผู้สูงอายุ]

    หัวเรื่อง [ผู้สูงอายุ-การใช้ยา]

BibComment


ยังไม่เคยถูกคอมเมนท์

คอมเมนท์ทรัพยากรรายการนี้
  คอมเมนท์: คู่มือการใช้ยาสำ..


 Copyright 2026. Bcnsprnw @Library